000 00355nam a22001457a 4500
999 _c2182
_d2182
008 200214b ||||| |||| 00| 0 eng d
082 0 0 _a910.4
_bA421
100 _91769
_aAllcard, Edward.
245 1 0 _aTemptress returns
_cby Edward Allcard
260 _aLondon
_bPitman
_c1952
300 _aviii,304p.
365 _d9.06
650 0 _aTravels
942 _cBK